[Event "HUN-chT2 Maroczy 1314"]
[Site "Hungary"]
[Date "2013.11.03"]
[Round "4"]
[White "Radnai, Adam"]
[Black "Szekeres, Robert"]
[Result "1/2-1/2"]
[WhiteElo "2313"]
[BlackElo "2324"]
[PlyCount "127"]
[EventDate "2013.09.08"]
[EventType "team-tourn"]
[EventRounds "11"]
[EventCountry "HUN"]
[SourceTitle "EXT 2016"]
[Source "ChessBase"]
[SourceDate "2015.10.08"]
[SourceVersion "1"]
[SourceVersionDate "2015.10.08"]
[SourceQuality "1"]
[WhiteTeam "Szigetszentmiklos"]
[BlackTeam "Budapest MLTC II"]
[WhiteTeamCountry "HUN"]
[BlackTeamCountry "HUN"]

1. e4 c5 2. c3 e6 3. d4 d5 4. exd5 exd5 5. Nf3 Nf6 6. Bb5+ Nc6 7. 0-0 Be7 8. dxc5 Bxc5 9. Re1+ Ne4 10. Be3 0-0 11. Qc2 Bxe3 12. Rxe3 Qb6 13. Bd3 f5 14. Qb3 Qd8 15. Na3 Kh8 16. Rd1 Nc5 17. Qb5 Qd6 18. Bb1 f4 19. Ree1 a6 20. Qe2 Bf5 21. b4 Na4 22. Bxf5 Nxc3 23. Qe6 Qxe6 24. Bxe6 Nxd1 25. Rxd1 Nxb4 26. Rb1 a5 27. Nd4 Rae8 28. Nab5 Rf6 29. a3 Nc6 30. Bg4 Re4 31. Nb3 Ne5 32. Bc8 Nd3 33. f3 Re8 34. Bd7 Re7 35. Rd1 Ne5 36. Bh3 a4 37. Rxd5 g6 38. N3d4 Nc6 39. g4 Nxd4 40. Rxd4 Re5 41. Bf1 Rb6 42. Rxf4 Rbxb5 43. Bxb5 Rxb5 44. Rxa4 Rb2 45. Rb4 Ra2 46. a4 b6 47. g5 Kg7 48. Rxb6 Rxa4 49. Rb7+ Kg8 50. Kf2 Ra2+ 51. Kg3 Ra1 52. Re7 Rg1+ 53. Kf4 Rg2 54. h4 Rh2 55. Ke5 Rxh4 56. f4 h6 57. gxh6 Rxh6 58. Kf6 g5+ 59. Kxg5 Ra6 60. Rb7 Ra5+ 61. f5 Ra6 62. Rc7 Rb6 63. f6 Rb8 64. Rc4 1/2-1/2

[Event "HUN-chT2 Maroczy 1314"]
[Site "Hungary"]
[Date "2013.10.20"]
[Round "3"]
[White "Petrisor, Adrian Marian"]
[Black "Szekeres, Robert"]
[Result "1-0"]
[WhiteElo "2396"]
[BlackElo "2324"]
[PlyCount "129"]
[EventDate "2013.09.08"]
[EventType "team-tourn"]
[EventRounds "11"]
[EventCountry "HUN"]
[SourceTitle "EXT 2016"]
[Source "ChessBase"]
[SourceDate "2015.10.08"]
[SourceVersion "1"]
[SourceVersionDate "2015.10.08"]
[SourceQuality "1"]
[WhiteTeam "Kisujszallas"]
[BlackTeam "Budapest MLTC II"]
[WhiteTeamCountry "HUN"]
[BlackTeamCountry "HUN"]

1. c4 e5 2. Nc3 Nc6 3. g3 Bb4 4. Bg2 d6 5. e3 Bxc3 6. bxc3 Nf6 7. e4 Be6 8. d3 Nd7 9. Nh3 f6 10. 0-0 a6 11. Rb1 Na5 12. Be3 c5 13. f4 Qc7 14. Qh5+ Bf7 15. Qg4 Rg8 16. Qh4 h5 17. Nf2 0-0-0 18. Bh3 Kb8 19. Kh1 Nf8 20. f5 Qe7 21. Nd1 Ka8 22. Bd2 Rb8 23. Ne3 Nd7 24. Bg2 Qd8 25. Bf3 Rh8 26. Qh3 Nc6 27. Qg2 Ne7 28. Rb2 Qc7 29. Rfb1 g5 30. fxg6 Bxg6 31. Qh3 Bf7 32. Ng2 Ka7 33. Nh4 Qc6 34. Be3 b6 35. Rf2 b5 36. Nf5 Nxf5 37. exf5 d5 38. cxb5 Rxb5 39. Rd1 Rhb8 40. Qf1 e4 41. dxe4 dxe4 42. Bg2 Ne5 43. Rfd2 Nc4 44. Rd7+ R8b7 45. Rxb7+ Rxb7 46. Bg1 Re7 47. Rd8 Qc7 48. Rf8 Nd2 49. Qf4 Qxf4 50. Bxc5+ Kb7 51. gxf4 Rd7 52. Kg1 Nf3+ 53. Bxf3 exf3 54. Kf2 Bxa2 55. Rxf6 Rd2+ 56. Kxf3 Rd3+ 57. Ke4 Rxc3 58. Rb6+ Kc7 59. Rxa6 Bb1+ 60. Kd4 Rd3+ 61. Ke5 Rd2 62. f6 Re2+ 63. Kd5 Be4+ 64. Kd4 Bg2 65. f7 1-0

[Event "HUN-chT2 Charousek 1213"]
[Site "Hungary"]
[Date "2013.03.03"]
[Round "8"]
[White "Vertetics, Attila"]
[Black "Szekeres, Robert"]
[Result "1-0"]
[WhiteElo "2409"]
[BlackElo "2337"]
[PlyCount "77"]
[EventDate "2012.09.16"]
[EventType "team-tourn"]
[EventRounds "11"]
[EventCountry "HUN"]
[SourceTitle "EXT 2014"]
[Source "ChessBase"]
[SourceDate "2013.11.20"]
[SourceVersion "1"]
[SourceVersionDate "2013.11.20"]
[SourceQuality "1"]
[WhiteTeam "Gyor"]
[BlackTeam "MLTC II"]
[WhiteTeamCountry "HUN"]
[BlackTeamCountry "HUN"]

1. d4 Nf6 2. Nc3 d5 3. Bg5 c5 4. Bxf6 gxf6 5. e4 dxe4 6. Bb5+ Bd7 7. Bxd7+ Qxd7 8. d5 f5 9. Qh5 Bg7 10. Nge2 Na6 11. Rd1 b5 12. Ng3 Nb4 13. Nxf5 Nxc2+ 14. Kd2 Bxc3+ 15. Kxc2 Bf6 16. Rhe1 Rg8 17. g4 0-0-0 18. d6 b4 19. Nxe7+ Kb8 20. Nxg8 Rxg8 21. Kb1 Bd4 22. Rxe4 Qxd6 23. Qxf7 Rc8 24. Qf4 Qxf4 25. Rxf4 Re8 26. Rdxd4 cxd4 27. Rxd4 Re1+ 28. Kc2 Rh1 29. Rxb4+ Kc7 30. Kd2 Rxh2 31. Ke3 Rh3+ 32. f3 Rh2 33. Ra4 Kb6 34. b3 a6 35. g5 Rh5 36. f4 Rh3+ 37. Ke4 Rg3 38. Kf5 Rg2 39. Kf6 1-0

[Event "HUN-chT2 Charousek 1213"]
[Site "Hungary"]
[Date "2012.11.18"]
[Round "4"]
[White "Balazs, Gabor1111"]
[Black "Szekeres, Robert"]
[Result "0-1"]
[WhiteElo "2422"]
[BlackElo "2337"]
[PlyCount "78"]
[EventDate "2012.09.16"]
[EventType "team-tourn"]
[EventRounds "11"]
[EventCountry "HUN"]
[SourceTitle "EXT 2014"]
[Source "ChessBase"]
[SourceDate "2013.11.20"]
[SourceVersion "1"]
[SourceVersionDate "2013.11.20"]
[SourceQuality "1"]
[WhiteTeam "Paks II"]
[BlackTeam "MLTC II"]
[WhiteTeamCountry "HUN"]
[BlackTeamCountry "HUN"]

1. d4 Nf6 2. c4 e6 3. Nc3 Bb4 4. Qc2 c5 5. dxc5 Nc6 6. Nf3 Bxc5 7. a3 d5 8. cxd5 exd5 9. Bg5 Be6 10. e3 h6 11. Bh4 Rc8 12. Rd1 g5 13. Bg3 Qe7 14. Be2 0-0 15. h4 g4 16. Ng5 Rfd8 17. Nxe6 fxe6 18. h5 Qg7 19. Rh4 Bd6 20. Bxd6 Rxd6 21. Qa4 g3 22. Rh3 gxf2+ 23. Kxf2 Rf8 24. Kg1 Kh8 25. Rf1 Rg8 26. Rf2 d4 27. exd4 Rxd4 28. Qc2 Rf4 29. Bf1 Rxf2 30. Qxf2 Ng4 31. Qd2 Rd8 32. Rd3 Rxd3 33. Qxd3 Qe5 34. g3 Qc5+ 35. Kg2 Qf2+ 36. Kh3 Qh2+ 37. Kxg4 Ne5+ 38. Kf4 Nxd3+ 39. Bxd3 Qxb2 0-1

[Event "Budapest Sarkany IM 3rd"]
[Site "Budapest"]
[Date "2012.08.23"]
[Round "6"]
[White "Kojima, Shinya"]
[Black "Szekeres, Robert"]
[Result "1/2-1/2"]
[WhiteElo "2282"]
[BlackElo "2337"]
[PlyCount "96"]
[EventDate "2012.08.18"]
[EventType "tourn"]
[EventRounds "9"]
[EventCountry "HUN"]
[EventCategory "3"]
[SourceTitle "CBM 150 Extra"]
[Source "ChessBase"]
[SourceDate "2012.10.19"]
[SourceVersion "1"]
[SourceVersionDate "2012.10.19"]
[SourceQuality "1"]

1. Nf3 Nf6 2. c4 e6 3. Nc3 c5 4. g3 b6 5. Bg2 Bb7 6. 0-0 Be7 7. d4 cxd4 8. Qxd4 Nc6 9. Qf4 0-0 10. Rd1 d6 11. b3 Ne8 12. Ba3 g5 13. Qd2 g4 14. Nd4 Qd7 15. Nxc6 Bxc6 16. Bxc6 Qxc6 17. e4 Bf6 18. Rac1 Bxc3 19. Qxc3 Qxe4 20. Rd4 Qf3 21. Qd2 e5 22. Rd3 Qf5 23. Bxd6 Rd8 24. Rd1 Nxd6 25. Rxd6 Rxd6 26. Qxd6 Re8 27. b4 Re6 28. Qd5 Rf6 29. Qd2 Qh5 30. Qe2 Rh6 31. h4 gxh3 32. Qxh5 Rxh5 33. Kh2 Rf5 34. Rd2 Rf3 35. Rc2 Kf8 36. Kxh3 Ke7 37. Kg4 e4 38. Re2 f5+ 39. Kg5 Ke6 40. Rc2 a5 41. bxa5 bxa5 42. c5 Kd7 43. Kh6 e3 44. fxe3 Rxg3 45. c6+ Kc7 46. Rc5 a4 47. Ra5 Rxe3 48. Rxa4 Kxc6 1/2-1/2

[Event "Budapest Sarkany IM 3rd"]
[Site "Budapest"]
[Date "2012.08.20"]
[Round "3"]
[White "Lyell, Mark"]
[Black "Szekeres, Robert"]
[Result "0-1"]
[WhiteElo "2225"]
[BlackElo "2337"]
[PlyCount "98"]
[EventDate "2012.08.18"]
[EventType "tourn"]
[EventRounds "9"]
[EventCountry "HUN"]
[EventCategory "3"]
[SourceTitle "CBM 150 Extra"]
[Source "ChessBase"]
[SourceDate "2012.10.19"]
[SourceVersion "1"]
[SourceVersionDate "2012.10.19"]
[SourceQuality "1"]

1. e4 c5 2. Nf3 d6 3. Bb5+ Nd7 4. 0-0 Ngf6 5. d4 cxd4 6. Qxd4 e5 7. Qd3 h6 8. c4 Be7 9. Rd1 0-0 10. Bxd7 Bxd7 11. Nc3 a6 12. Be3 Qc7 13. a4 Rfc8 14. Nd2 b6 15. b3 Qb7 16. f3 Rc7 17. Ndb1 Kh7 18. Nd5 Nxd5 19. Qxd5 Bc6 20. Qd3 Rd8 21. Nc3 Qc8 22. Nd5 Rb7 23. Nxe7 Rxe7 24. Qxd6 Re6 25. Qb4 Rg6 26. Qd2 f5 27. Ra2 fxe4 28. fxe4 Qg4 29. Re1 Bxe4 30. Re2 Rf8 31. Qe1 Bf3 32. Rf2 Rf5 33. Bc1 Rd6 34. Rad2 Rd4 35. Rxd4 exd4 36. Qe6 Be4 37. h3 Qd1+ 38. Kh2 Rxf2 39. Qxe4+ Kg8 40. Ba3 Qc2 41. Qd5+ Kh7 42. a5 Rf5 43. Qb7 bxa5 44. Bd6 Qe2 45. c5 d3 46. c6 d2 47. c7 d1Q 48. Qc6 Qe3 49. c8Q Qdg1# 0-1

[Event "Budapest Sarkany IM 3rd"]
[Site "Budapest"]
[Date "2012.08.19"]
[Round "2"]
[White "Szekeres, Robert"]
[Black "Roos, Jean Luc"]
[Result "1-0"]
[WhiteElo "2337"]
[BlackElo "2270"]
[PlyCount "69"]
[EventDate "2012.08.18"]
[EventType "tourn"]
[EventRounds "9"]
[EventCountry "HUN"]
[EventCategory "3"]
[SourceTitle "CBM 150 Extra"]
[Source "ChessBase"]
[SourceDate "2012.10.19"]
[SourceVersion "1"]
[SourceVersionDate "2012.10.19"]
[SourceQuality "1"]

1. c4 e5 2. Nc3 Nf6 3. Nf3 Nc6 4. d4 exd4 5. Nxd4 Bb4 6. f3 0-0 7. e4 Qe7 8. Be2 Nxd4 9. Qxd4 Bc5 10. Qd3 c6 11. Bg5 h6 12. Bh4 Qe6 13. 0-0-0 a6 14. f4 d6 15. f5 Qe7 16. g4 b5 17. Kb1 bxc4 18. Qf3 Rb8 19. g5 hxg5 20. Bxg5 Bb4 21. Ka1 Bxc3 22. Qxc3 Nxe4 23. Bxe7 Nxc3 24. bxc3 Re8 25. f6 d5 26. Rhg1 g6 27. Bg4 Rb7 28. Rb1 Rxb1+ 29. Kxb1 Kh7 30. Bxc8 Rxc8 31. Rg5 Rh8 32. Re5 Re8 33. Kc2 Kh6 34. h4 Rg8 35. Bc5 1-0

[Event "Zalakaros op 31st"]
[Site "Zalakaros"]
[Date "2012.06.16"]
[Round "9"]
[White "Szekeres, Robert"]
[Black "Juhasz, Kristof"]
[Result "1-0"]
[WhiteElo "2259"]
[BlackElo "2357"]
[PlyCount "109"]
[EventDate "2012.06.08"]
[EventType "swiss"]
[EventRounds "9"]
[EventCountry "HUN"]
[SourceTitle "EXT 2014"]
[Source "ChessBase"]
[SourceDate "2013.11.20"]
[SourceVersion "1"]
[SourceVersionDate "2013.11.20"]
[SourceQuality "1"]

1. d4 Nf6 2. Nf3 g6 3. Bg5 Bg7 4. Nc3 d5 5. Bxf6 Bxf6 6. e4 dxe4 7. Nxe4 Bg7 8. Bc4 0-0 9. Qd2 Bf5 10. Ng3 Bg4 11. Ne5 Bxe5 12. dxe5 Qxd2+ 13. Kxd2 Nc6 14. Rhe1 Rad8+ 15. Kc3 Be6 16. Bd3 Bd5 17. f3 f6 18. exf6 exf6 19. b3 Kf7 20. Rad1 Ne7 21. Ne2 Bc6 22. Nd4 Bd5 23. Kb2 Rfe8 24. c4 Bc6 25. Nxc6 Nxc6 26. Be4 Ne5 27. Kc3 c6 28. f4 Rxd1 29. Rxd1 Ng4 30. Rd7+ Re7 31. Rxe7+ Kxe7 32. h3 Nh6 33. Kd4 Kd6 34. g4 Ng8 35. c5+ Kd7 36. Bd3 Ne7 37. Bc4 h6 38. h4 h5 39. gxh5 gxh5 40. Ke4 Ng6 41. Kf5 Nxh4+ 42. Kxf6 Ng2 43. f5 h4 44. Kg7 h3 45. Be6+ Kc7 46. f6 Nf4 47. Bg4 h2 48. f7 h1Q 49. f8Q Nh5+ 50. Kg6 Qe4+ 51. Kxh5 Qe5+ 52. Kg6 Qe4+ 53. Bf5 Qg2+ 54. Kf6 Qb2+ 55. Kf7 1-0

[Event "Zalakaros op 31st"]
[Site "Zalakaros"]
[Date "2012.06.15"]
[Round "8"]
[White "Boguszlavszkij, Jevgenyij"]
[Black "Szekeres, Robert"]
[Result "0-1"]
[WhiteElo "2217"]
[BlackElo "2259"]
[PlyCount "48"]
[EventDate "2012.06.08"]
[EventType "swiss"]
[EventRounds "9"]
[EventCountry "HUN"]
[SourceTitle "EXT 2014"]
[Source "ChessBase"]
[SourceDate "2013.11.20"]
[SourceVersion "1"]
[SourceVersionDate "2013.11.20"]
[SourceQuality "1"]

1. e4 c5 2. Nc3 g6 3. g3 Bg7 4. Bg2 Nc6 5. f4 e6 6. Nf3 Nge7 7. 0-0 d5 8. e5 Nf5 9. Ne2 b6 10. c3 Ba6 11. Re1 Bd3 12. b3 b5 13. Bb2 Qb6 14. Nc1 c4+ 15. Kh1 h5 16. Nxd3 h4 17. Nxh4 Nxh4 18. Nb4 Nxg2 19. Kxg2 Rxh2+ 20. Kxh2 Qf2+ 21. Kh3 Kd7 22. Nxc6 Rh8+ 23. Kg4 Rh4+ 24. Kxh4 Qh2+ 0-1

[Event "Zalakaros op 31st"]
[Site "Zalakaros"]
[Date "2012.06.09"]
[Round "2"]
[White "Nagy, Gabor"]
[Black "Szekeres, Robert"]
[Result "1-0"]
[WhiteElo "2375"]
[BlackElo "2259"]
[PlyCount "87"]
[EventDate "2012.06.08"]
[EventType "swiss"]
[EventRounds "9"]
[EventCountry "HUN"]
[SourceTitle "EXT 2014"]
[Source "ChessBase"]
[SourceDate "2013.11.20"]
[SourceVersion "1"]
[SourceVersionDate "2013.11.20"]
[SourceQuality "1"]

1. d4 Nf6 2. c4 e6 3. Nc3 Bb4 4. e3 c5 5. Nge2 d6 6. g3 Bd7 7. Bg2 Bc6 8. d5 exd5 9. cxd5 Bb5 10. Bd2 Ba6 11. 0-0 Nbd7 12. a3 Bxc3 13. Bxc3 0-0 14. Re1 Qe7 15. Nf4 Ne5 16. e4 Rae8 17. Nh3 Nfd7 18. b3 c4 19. b4 Nd3 20. Re3 Qd8 21. Bd4 Qc8 22. Qd2 N7e5 23. Nf4 Ng4 24. Bh3 f5 25. Bxg4 fxg4 26. Nxd3 cxd3 27. a4 b6 28. b5 Bb7 29. Qxd3 Qd7 30. Rae1 Qf7 31. Qe2 Qg6 32. Qa2 Rf3 33. R3e2 h5 34. e5 Rd3 35. exd6 Rxe2 36. Qxe2 Rxd4 37. d7 Rxd5 38. Qe8+ Kh7 39. d8Q Rxd8 40. Qxd8 Qf5 41. Qd1 Be4 42. Qd4 Ba8 43. Qe5 Qf7 44. Qg5 1-0

[Event "Zalakaros op 31st"]
[Site "Zalakaros"]
[Date "2012.06.08"]
[Round "1"]
[White "Szekeres, Robert"]
[Black "Radics, Laszlo2222"]
[Result "1-0"]
[WhiteElo "2259"]
[BlackElo "2015"]
[PlyCount "81"]
[EventDate "2012.06.08"]
[EventType "swiss"]
[EventRounds "9"]
[EventCountry "HUN"]
[SourceTitle "EXT 2014"]
[Source "ChessBase"]
[SourceDate "2013.11.20"]
[SourceVersion "1"]
[SourceVersionDate "2013.11.20"]
[SourceQuality "1"]

1. d4 Nf6 2. Nf3 c5 3. d5 e6 4. Nc3 exd5 5. Nxd5 Be7 6. Bf4 Nxd5 7. Qxd5 0-0 8. 0-0-0 Nc6 9. Bd6 Qa5 10. a3 Re8 11. e3 Bxd6 12. Qxd6 Re6 13. Qg3 Rg6 14. Qh4 Rh6 15. Qg5 Rg6 16. Qd5 Ne7 17. Qe4 Re6 18. Qh4 Ng6 19. Qh5 h6 20. Bc4 Rf6 21. Bxf7+ Kxf7 22. Ne5+ Kg8 23. Nxg6 d6 24. f4 Qc7 25. Nh4 Be6 26. Qe2 Re8 27. Rhf1 Qd7 28. Nf3 Qa4 29. Nd2 b5 30. Qd3 Bf7 31. e4 b4 32. e5 dxe5 33. Ne4 Rc6 34. fxe5 bxa3 35. b3 Qd4 36. Nf6+ Rxf6 37. Qxd4 Rxf1 38. Qxc5 Rxd1+ 39. Kxd1 a2 40. Qxa7 Bh5+ 41. Kc1 1-0

[Event "HUN-chT2 Charousek 1112"]
[Site "Hungary"]
[Date "2011.10.30"]
[Round "2"]
[White "Schenkerik, Csaba"]
[Black "Szekeres, Robert"]
[Result "0-1"]
[WhiteElo "2156"]
[BlackElo "2259"]
[PlyCount "72"]
[EventDate "2011.09.25"]
[EventType "team-tourn"]
[EventRounds "11"]
[EventCountry "HUN"]
[SourceTitle "EXT 2013"]
[Source "ChessBase"]
[SourceDate "2012.11.22"]
[SourceVersion "1"]
[SourceVersionDate "2012.11.22"]
[SourceQuality "1"]
[WhiteTeam "Budapest MTK"]
[BlackTeam "MLTC II"]
[WhiteTeamCountry "HUN"]
[BlackTeamCountry "HUN"]

1. c4 g6 2. d4 Bg7 3. Nc3 Nf6 4. e4 d6 5. Be2 0-0 6. Bg5 c5 7. d5 e6 8. h3 exd5 9. cxd5 a6 10. a4 Re8 11. Bd3 Nxe4 12. Nxe4 Qxg5 13. Ne2 Qd8 14. Qb3 f5 15. Nd2 Qa5 16. 0-0-0 b5 17. axb5 axb5 18. Qxb5 Qd8 19. Nf4 Re7 20. Ne6 Bxe6 21. dxe6 Ra5 22. Qb3 Nc6 23. Nc4 Nd4 24. Qb6 Qxb6 25. Nxb6 Bh6+ 26. Kb1 Rea7 27. b3 Bg7 28. Na4 d5 29. Rhe1 Kf8 30. Bc2 c4 31. Rxd4 Bxd4 32. Rd1 cxb3 33. Bxb3 Rxa4 34. Bxa4 Rxa4 35. Kc2 Ke7 36. Kb3 Rc4 0-1

[Event "HUN-chT2 Maroczy 0910"]
[Site "Hungary"]
[Date "2010.03.21"]
[Round "8"]
[White "Mester, Attila"]
[Black "Szekeres, Robert"]
[Result "1/2-1/2"]
[WhiteElo "2092"]
[BlackElo "2242"]
[PlyCount "77"]
[EventDate "2009.11.08"]
[EventType "team-tourn"]
[EventRounds "11"]
[EventCountry "HUN"]
[SourceTitle "EXT 2011"]
[Source "ChessBase"]
[SourceDate "2010.11.26"]
[SourceVersion "1"]
[SourceVersionDate "2010.11.26"]
[SourceQuality "1"]
[WhiteTeam "Penzugyor II"]
[BlackTeam "MLTC II"]
[WhiteTeamCountry "HUN"]
[BlackTeamCountry "HUN"]

1. e4 c5 2. Nf3 e6 3. d4 cxd4 4. Nxd4 a6 5. Nc3 Qc7 6. g3 Nc6 7. Bg2 Nf6 8. 0-0 Bc5 9. Nxc6 bxc6 10. Bf4 e5 11. Bg5 Be7 12. Na4 d6 13. c4 h6 14. Bxf6 Bxf6 15. Qd2 Be7 16. Rac1 0-0 17. Rfd1 Bg4 18. Rf1 Rad8 19. h3 Be6 20. Kh2 f5 21. exf5 Rxf5 22. Qe2 Qc8 23. Nc3 Rf7 24. Nd5 Bg5 25. Ne3 Rb7 26. b3 Rf7 27. Rcd1 Re7 28. f4 exf4 29. gxf4 Bf6 30. Qd3 Rdd7 31. Kh1 Rd8 32. f5 Bf7 33. Ng4 d5 34. Nxf6+ gxf6 35. Qg3+ Kh7 36. Qh4 dxc4 37. Qxf6 Rxd1 38. Rxd1 Rd7 39. Rxd7 1/2-1/2

[Event "HUN-ch U20"]
[Site "Budapest"]
[Date "2009.02.16"]
[Round "8"]
[White "To, Nhat Minh"]
[Black "Szekeres, Robert"]
[Result "1-0"]
[WhiteElo "2356"]
[BlackElo "2297"]
[PlyCount "91"]
[EventDate "2009.02.09"]
[EventType "tourn"]
[EventRounds "9"]
[EventCountry "HUN"]
[EventCategory "5"]
[SourceTitle "EXT 2011"]
[Source "ChessBase"]
[SourceDate "2010.11.26"]
[SourceVersion "1"]
[SourceVersionDate "2010.11.26"]
[SourceQuality "1"]

1. e4 c5 2. Nf3 e6 3. d4 cxd4 4. Nxd4 a6 5. Bd3 Nc6 6. Nxc6 dxc6 7. Nd2 e5 8. 0-0 Nf6 9. Nc4 Qc7 10. Be3 b5 11. Nb6 Rb8 12. Nxc8 Qxc8 13. h3 Qe6 14. a4 Be7 15. axb5 axb5 16. Ra6 0-0 17. Qd2 Qd6 18. Qc3 Rfc8 19. Rfa1 Nd7 20. Ra7 Nf8 21. Be2 Ne6 22. Rd1 Nd4 23. Bxd4 exd4 24. Rxd4 Qc5 25. Rdd7 Qxc3 26. bxc3 Bc5 27. Rab7 Rxb7 28. Rxb7 g6 29. g3 h5 30. Kg2 f6 31. Bd3 Bd6 32. Rd7 Be5 33. c4 Kf8 34. f4 Bb2 35. Rh7 Kg8 36. Rb7 b4 37. Rxb4 Bc3 38. Rb7 c5 39. Kf3 g5 40. Rd7 h4 41. fxg5 fxg5 42. gxh4 gxh4 43. Kg4 Be1 44. e5 Bg3 45. e6 Be5 46. e7 1-0

[Event "HUN-ch U20"]
[Site "Budapest"]
[Date "2009.02.13"]
[Round "5"]
[White "Szekeres, Robert"]
[Black "Balazs, Gabor1111"]
[Result "0-1"]
[WhiteElo "2297"]
[BlackElo "2283"]
[PlyCount "62"]
[EventDate "2009.02.09"]
[EventType "tourn"]
[EventRounds "9"]
[EventCountry "HUN"]
[EventCategory "5"]
[SourceTitle "EXT 2011"]
[Source "ChessBase"]
[SourceDate "2010.11.26"]
[SourceVersion "1"]
[SourceVersionDate "2010.11.26"]
[SourceQuality "1"]

1. e4 c5 2. Nf3 e6 3. d4 cxd4 4. Nxd4 Nc6 5. Nc3 Qc7 6. Ndb5 Qb8 7. Be3 a6 8. Nd4 Nf6 9. a3 b5 10. f3 Bb7 11. Qd2 Be7 12. Bd3 0-0 13. g4 d6 14. g5 Nd7 15. Nxc6 Bxc6 16. f4 Qb7 17. Rg1 a5 18. f5 b4 19. Ne2 Ne5 20. Nd4 Bxe4 21. f6 Bd8 22. fxg7 Re8 23. Be2 bxa3 24. b3 d5 25. Nb5 Be7 26. Bf4 Nf3+ 27. Bxf3 Qxb5 28. Bxe4 dxe4 29. Rg3 e5 30. Be3 Bb4 31. c3 Red8 0-1

[Event "HUN-ch U20"]
[Site "Budapest"]
[Date "2009.02.10"]
[Round "2"]
[White "Varga, Csaba Zoltan"]
[Black "Szekeres, Robert"]
[Result "1-0"]
[WhiteElo "2379"]
[BlackElo "2297"]
[PlyCount "161"]
[EventDate "2009.02.09"]
[EventType "tourn"]
[EventRounds "9"]
[EventCountry "HUN"]
[EventCategory "5"]
[SourceTitle "EXT 2011"]
[Source "ChessBase"]
[SourceDate "2010.11.26"]
[SourceVersion "1"]
[SourceVersionDate "2010.11.26"]
[SourceQuality "1"]

1. e4 e5 2. Nf3 Nc6 3. Bb5 a6 4. Bxc6 dxc6 5. 0-0 Qd6 6. a4 g6 7. Na3 Bg7 8. Nc4 Qe6 9. d3 h6 10. Bd2 g5 11. Bc3 f6 12. Ne3 Ne7 13. d4 0-0 14. dxe5 fxe5 15. Bb4 b6 16. Nf5 c5 17. Nxg7 Kxg7 18. Bc3 Nc6 19. Nxe5 Nxe5 20. Qd5 Qxd5 21. exd5 Kg6 22. Bxe5 Rf7 23. f4 g4 24. c4 Bf5 25. Ra3 a5 26. Re3 Rd8 27. Rfe1 Rdd7 28. Kf2 Kh5 29. Kg3 Kg6 30. R1e2 Rfe7 31. Kh4 h5 32. Rb3 Bb1 33. Re1 Bc2 34. Rbe3 Kf5 35. R1e2 Bb1 36. b3 Re8 37. Kg3 Ree7 38. h3 gxh3 39. Kh2 Kg6 40. Rg3+ Kh6 41. Rg8 Rf7 42. gxh3 Bf5 43. Kg3 Bh7 44. Rg5 Bg6 45. Kh4 Rf5 46. Reg2 Rxg5 47. Rxg5 Rf7 48. Rg2 Re7 49. Re2 Bf5 50. Rd2 Rd7 51. Bf6 Kg6 52. Bb2 Be4 53. Be5 Kf5 54. Kg3 Bb1 55. Kf3 Kg6 56. Rg2+ Kh6 57. Kg3 Be4 58. Re2 Bd3 59. Rd2 Be4 60. Kf2 Bf5 61. h4 Kg6 62. Ke3 Bg4 63. Kd3 Kf5 64. Kc3 Bf3 65. Rd3 Bg4 66. Rg3 Ke4 67. Rg1 Kf5 68. Re1 Bf3 69. Re3 Bg4 70. Rd3 Kg6 71. d6 c6 72. Kd2 Bf5 73. Rg3+ Bg4 74. Ke3 Kf5 75. Rg2 Rf7 76. d7 Rxd7 77. Rd2 Rf7 78. Rd6 Bh3 79. Rxc6 Rb7 80. Rf6+ Kg4 81. Rg6+ 1-0

[Event "HUN-chT2 Maroczy 0809"]
[Site "Hungary"]
[Date "2009.01.25"]
[Round "6"]
[White "Szekeres, Robert"]
[Black "Valis, Janos"]
[Result "1-0"]
[WhiteElo "2297"]
[BlackElo "2105"]
[PlyCount "141"]
[EventDate "2008.10.26"]
[EventType "team-tourn"]
[EventRounds "11"]
[EventCountry "HUN"]
[SourceTitle "EXT 2010"]
[Source "ChessBase"]
[SourceDate "2010.11.25"]
[SourceVersion "1"]
[SourceVersionDate "2010.11.25"]
[SourceQuality "1"]
[WhiteTeam "MLTC II"]
[BlackTeam "Husi"]
[WhiteTeamCountry "HUN"]
[BlackTeamCountry "HUN"]

1. d4 Nf6 2. c4 g6 3. Nf3 Bg7 4. g3 0-0 5. Bg2 d6 6. 0-0 Nc6 7. Nc3 a6 8. d5 Na5 9. Nd2 c5 10. Qc2 Rb8 11. b3 b5 12. Bb2 e5 13. dxe6 Bxe6 14. cxb5 axb5 15. Rad1 Qe7 16. Nce4 Bf5 17. Qc3 Ne8 18. Qc1 Nb7 19. Bxg7 Kxg7 20. Nc3 Nc7 21. e4 Bd7 22. f4 b4 23. f5 gxf5 24. Ne2 d5 25. Nf4 dxe4 26. Nc4 Be6 27. Nh5+ Kh8 28. Ne5 Nd8 29. Qh6 Rg8 30. Nf6 Rg7 31. Rf4 Ne8 32. Nxe8 Qxe8 33. Qf6 Nb7 34. Rf2 e3 35. Re2 Rd8 36. Rde1 Nd6 37. Rxe3 f4 38. Qxf4 Qf8 39. Rd3 Nf5 40. Red1 Nd4 41. Qf2 f6 42. Nc6 Nxc6 43. Bxc6 Rxd3 44. Rxd3 Rc7 45. Qd2 Kg7 46. Rd6 Qe7 47. Bf3 Rd7 48. Rxd7 Qxd7 49. Qe3 Qd4 50. Qxd4 cxd4 51. g4 Kf7 52. Kf2 Ke7 53. Kg3 Kd6 54. Be4 h6 55. Kf4 Bd7 56. Bd3 Bc8 57. h3 Bb7 58. Kf5 Ke7 59. Kg6 Bg2 60. h4 Bf3 61. Kxh6 Bxg4 62. Kg6 f5 63. h5 Kf8 64. Bc4 f4 65. h6 Bd1 66. h7 Bc2+ 67. Kh6 Bxh7 68. Kxh7 Ke7 69. Kg6 Kd6 70. Kf5 f3 71. Ke4 1-0

[Event "HUN-chT 0708"]
[Site "Hungary"]
[Date "2008.02.17"]
[Round "6"]
[White "Szekeres, Robert"]
[Black "Toth, Lili"]
[Result "1-0"]
[WhiteElo "2238"]
[BlackElo "2231"]
[PlyCount "67"]
[EventDate "2007.10.14"]
[EventType "team"]
[EventRounds "11"]
[EventCountry "HUN"]
[SourceTitle "EXT 2009"]
[Source "ChessBase"]
[SourceDate "2008.11.26"]
[SourceVersion "1"]
[SourceVersionDate "2008.11.26"]
[SourceQuality "1"]
[WhiteTeam "Statisztika"]
[BlackTeam "Paks"]
[WhiteTeamCountry "HUN"]
[BlackTeamCountry "HUN"]

1. d4 Nf6 2. c4 e6 3. Nf3 Bb4+ 4. Bd2 c5 5. Bxb4 cxb4 6. g3 0-0 7. Bg2 d6 8. 0-0 Nc6 9. a3 bxa3 10. Rxa3 a5 11. Nc3 e5 12. d5 Nb4 13. Nd2 Qb6 14. h3 Nd7 15. Na4 Qc7 16. f4 f5 17. Kh2 e4 18. g4 Nf6 19. gxf5 Bxf5 20. Rg3 Rae8 21. e3 Kh8 22. Nc3 Na6 23. Nb5 Qb6 24. Nb3 Nc5 25. Qd4 Rc8 26. Ra1 Bd7 27. Rxa5 Ra8 28. Rxa8 Rxa8 29. Nxd6 Qxd6 30. Nxc5 Bf5 31. Rg5 Bg6 32. Ne6 Ra2 33. c5 Qa6 34. f5 1-0